[Event "DEM U14w 2025"]
[Site "Willingen GER"]
[Date "2025.06.11"]
[Round "6"]
[White "Liu, Yuelin"]
[Black "Börner, Emma Charlotte"]
[Result "0-1"]
[Termination "normal"]
[Board "13"]
[WhiteElo "972"]
[BlackElo "1655"]
[WhiteClock "01:08:18"]
[BlackClock "01:01:51"]
[PlyCount "120"]
[WhiteFideId "533035970"]
[BlackFideId "34637907"]
[EventCountry "GER"]
[EventRounds "9"]
[EventType "swiss"]
[EventDate "2025.06.07"]

1. e4 {[%clk 01:30:58]} {[%emt 00:00:02]} e6 {[%clk 01:30:55]} {[%emt
00:00:05]} 2. d4 {[%clk 01:31:19]} {[%emt 00:00:09]} d5 {[%emt 00:00:08]} 3. e5
{[%emt 00:00:07]} c5 {[%clk 01:30:59]} {[%emt 00:00:11]} 4. Bb5+ {[%clk
01:31:08]} {[%emt 00:00:42]} Bd7 {[%clk 01:31:05]} {[%emt 00:00:22]} 5. Bxd7+
{[%clk 01:31:15]} {[%emt 00:00:23]} Qxd7 {[%clk 01:31:10]} {[%emt 00:00:25]} 6.
Be3 {[%clk 01:30:31]} {[%emt 00:01:15]} cxd4 {[%clk 01:31:04]} {[%emt
00:00:36]} 7. Bxd4 {[%clk 01:30:28]} {[%emt 00:00:33]} Nc6 {[%clk 01:31:11]}
{[%emt 00:00:23]} 8. Nf3 {[%clk 01:30:05]} {[%emt 00:00:53]} Nxd4 {[%clk
01:29:45]} {[%emt 00:01:56]} 9. Nxd4 {[%clk 01:28:52]} {[%emt 00:01:44]} Bc5
{[%clk 01:29:29]} {[%emt 00:00:44]} 10. c3 {[%clk 01:28:17]} {[%emt 00:01:06]}
a5 {[%clk 01:27:50]} {[%emt 00:02:10]} 11. Qg4 {[%clk 01:27:31]} {[%emt
00:01:15]} g6 {[%clk 01:25:21]} {[%emt 00:02:59]} 12. O-O {[%clk 01:26:35]}
{[%emt 00:01:27]} Ne7 {[%clk 01:25:04]} {[%emt 00:00:45]} 13. Rd1 {[%clk
01:25:06]} {[%emt 00:01:58]} Bxd4 {[%clk 01:22:37]} {[%emt 00:02:58]} 14. cxd4
{[%clk 01:24:30]} {[%emt 00:01:06]} O-O {[%clk 01:21:39]} {[%emt 00:01:29]} 15.
Rd3 {[%clk 01:22:17]} {[%emt 00:02:42]} Rfc8 {[%clk 01:20:23]} {[%emt
00:01:46]} 16. Nc3 {[%clk 01:22:16]} {[%emt 00:00:32]} Nf5 {[%clk 01:19:53]}
{[%emt 00:00:59]} 17. h3 {[%clk 01:21:40]} {[%emt 00:01:05]} b5 {[%clk
01:16:38]} {[%emt 00:03:47]} 18. Ne2 {[%clk 01:21:47]} {[%emt 00:00:23]} Qe7
{[%clk 01:16:00]} {[%emt 00:01:07]} 19. Nf4 {[%clk 01:21:44]} {[%emt 00:00:34]}
Qh4 {[%clk 01:09:22]} {[%emt 00:07:06]} 20. Qxh4 {[%clk 01:20:18]} {[%emt
00:01:57]} Nxh4 {[%clk 01:09:31]} {[%emt 00:00:21]} 21. g3 {[%clk 01:20:27]}
{[%emt 00:00:22]} Nf5 {[%clk 01:09:30]} {[%emt 00:00:31]} 22. g4 {[%clk
01:20:28]} {[%emt 00:00:28]} Ne7 {[%clk 01:08:27]} {[%emt 00:01:33]} 23. Kg2
{[%clk 01:18:19]} {[%emt 00:02:40]} Rc2 {[%clk 01:07:50]} {[%emt 00:01:06]} 24.
b3 {[%clk 01:18:17]} {[%emt 00:00:33]} a4 {[%clk 01:06:28]} {[%emt 00:01:51]}
25. b4 {[%clk 01:17:51]} {[%emt 00:00:57]} Rac8 {[%clk 01:06:36]} {[%emt
00:00:21]} 26. a3 {[%clk 01:16:34]} {[%emt 00:01:47]} R8c4 {[%clk 01:05:58]}
{[%emt 00:01:05]} 27. Kg3 {[%clk 01:15:29]} {[%emt 00:01:37]} Nc6 {[%clk
01:03:30]} {[%emt 00:02:58]} 28. Rad1 {[%clk 01:15:04]} {[%emt 00:00:56]} R4c3
{[%clk 01:02:56]} {[%emt 00:01:05]} 29. Rxc3 {[%clk 01:13:44]} {[%emt
00:01:50]} Rxc3+ {[%clk 01:03:11]} {[%emt 00:00:14]} 30. Rd3 {[%clk 01:13:45]}
{[%emt 00:00:29]} Rxd3+ {[%clk 01:03:16]} {[%emt 00:00:25]} 31. Nxd3 {[%clk
01:13:51]} {[%emt 00:00:24]} Nxd4 {[%clk 01:03:20]} {[%emt 00:00:26]} 32. Nc5
{[%clk 01:13:02]} {[%emt 00:01:19]} Nc2 {[%clk 01:02:53]} {[%emt 00:00:57]} 33.
Na6 {[%clk 01:12:00]} {[%emt 00:01:32]} Nxa3 {[%clk 01:03:05]} {[%emt
00:00:18]} 34. Nc7 {[%emt 00:00:23]} Nc2 {[%clk 01:03:16]} 35. Nxb5 {[%clk
01:12:30]} {[%emt 00:00:27]} a3 {[%clk 01:03:15]} {[%emt 00:00:31]} 36. Nxa3
{[%clk 01:12:49]} {[%emt 00:00:11]} Nxa3 {[%clk 01:03:32]} {[%emt 00:00:12]}
37. Kf3 {[%clk 01:13:12]} {[%emt 00:00:08]} Nb5 {[%clk 01:02:44]} {[%emt
00:01:17]} 38. Ke3 {[%clk 01:13:22]} {[%emt 00:00:21]} Kf8 {[%clk 01:01:49]}
{[%emt 00:01:24]} 39. Kd3 {[%clk 01:13:04]} {[%emt 00:00:49]} Ke8 {[%clk
01:01:48]} {[%emt 00:00:31]} 40. Kc2 {[%clk 01:13:15]} {[%emt 00:00:19]} Kd7
{[%clk 01:01:20]} {[%emt 00:00:58]} 41. f4 {[%clk 01:13:00]} {[%emt 00:00:44]}
Kc6 {[%clk 01:00:42]} {[%emt 00:01:09]} 42. Kb3 {[%clk 01:12:29]} {[%emt
00:01:02]} Nd4+ {[%clk 00:59:58]} {[%emt 00:01:13]} 43. Ka4 {[%clk 01:12:43]}
{[%emt 00:00:16]} Kb6 {[%clk 00:59:57]} {[%emt 00:00:31]} 44. h4 {[%clk
01:07:30]} {[%emt 00:05:42]} Ne2 {[%clk 01:00:01]} {[%emt 00:00:26]} 45. h5
{[%clk 01:06:23]} {[%emt 00:01:38]} gxh5 {[%clk 00:59:42]} {[%emt 00:00:49]}
46. f5 {[%clk 01:06:36]} {[%emt 00:00:17]} hxg4 {[%clk 00:59:57]} {[%emt
00:00:14]} 47. fxe6 {[%clk 01:04:30]} {[%emt 00:02:37]} fxe6 {[%clk 01:00:13]}
{[%emt 00:00:13]} 48. Kb3 {[%clk 01:04:29]} {[%emt 00:00:32]} g3 {[%clk
01:00:19]} {[%emt 00:00:24]} 49. Kc2 {[%clk 01:04:41]} {[%emt 00:00:18]} g2
{[%clk 01:00:29]} {[%emt 00:00:19]} 50. Kd2 {[%clk 01:05:06]} {[%emt 00:00:06]}
g1=Q {[%clk 01:00:39]} {[%emt 00:00:18]} 51. Kxe2 {[%clk 01:05:32]} Qg3 {[%clk
01:00:27]} {[%emt 00:00:46]} 52. Kd2 {[%clk 01:05:36]} {[%emt 00:00:28]} Qf3
{[%clk 01:00:29]} {[%emt 00:00:25]} 53. Kc2 {[%clk 01:05:45]} {[%emt 00:00:23]}
Qe3 {[%clk 01:00:44]} {[%emt 00:00:15]} 54. Kb2 {[%clk 01:05:58]} {[%emt
00:00:18]} Qd3 {[%clk 01:00:55]} {[%emt 00:00:17]} 55. Ka2 {[%clk 01:06:12]}
{[%emt 00:00:15]} Qc3 {[%clk 01:00:37]} {[%emt 00:00:49]} 56. Kb1 {[%clk
01:06:37]} {[%emt 00:00:08]} Qd2 {[%clk 01:00:44]} {[%emt 00:00:19]} 57. Ka1
{[%clk 01:07:01]} {[%emt 00:00:08]} Kb5 {[%clk 01:00:55]} {[%emt 00:00:19]} 58.
Kb1 {[%clk 01:07:26]} {[%emt 00:00:06]} Kxb4 {[%clk 01:01:14]} {[%emt
00:00:10]} 59. Ka1 {[%clk 01:07:50]} {[%emt 00:00:07]} Kb3 {[%clk 01:01:31]}
{[%emt 00:00:13]} 60. Kb1 {[%clk 01:08:18]} {[%emt 00:00:02]} Qb2# {[%clk
01:01:51]} {[%emt 00:00:07]} 0-1

[Event "DEM U14w 2025"]
[Site "Willingen GER"]
[Date "2025.06.11"]
[Round "6"]
[White "Werner, Amelie"]
[Black "Briese, Sophie"]
[Result "1/2-1/2"]
[Termination "normal"]
[Board "14"]
[WhiteElo "1544"]
[BlackElo "1499"]
[WhiteClock "00:37:05"]
[BlackClock "00:34:15"]
[PlyCount "57"]
[WhiteFideId "34639900"]
[BlackFideId "34660305"]
[EventCountry "GER"]
[EventRounds "9"]
[EventType "swiss"]
[EventDate "2025.06.07"]

1. e4 {[%clk 01:30:59]} {[%emt 00:00:01]} c5 {[%clk 01:30:56]} {[%emt
00:00:05]} 2. c3 {[%clk 01:31:24]} {[%emt 00:00:05]} d5 {[%clk 01:31:02]}
{[%emt 00:00:23]} 3. exd5 {[%clk 01:31:47]} {[%emt 00:00:07]} Qxd5 {[%clk
01:31:25]} {[%emt 00:00:07]} 4. d4 {[%clk 01:31:51]} {[%emt 00:00:25]} e6
{[%clk 01:30:57]} {[%emt 00:00:58]} 5. Nf3 {[%clk 01:31:47]} {[%emt 00:00:34]}
Nc6 {[%clk 01:28:20]} {[%emt 00:03:07]} 6. Be2 {[%clk 01:30:07]} {[%emt
00:02:10]} cxd4 {[%clk 01:27:17]} {[%emt 00:01:34]} 7. cxd4 {[%clk 01:29:06]}
{[%emt 00:01:31]} Nf6 {[%clk 01:25:05]} {[%emt 00:02:42]} 8. O-O {[%clk
01:27:54]} {[%emt 00:01:41]} Be7 {[%emt 00:03:11]} 9. Nc3 {[%clk 01:27:31]} Qd8
{[%clk 01:22:55]} {[%emt 00:00:51]} 10. Bf4 {[%clk 01:25:19]} {[%emt 00:02:42]}
a6 {[%clk 01:21:42]} {[%emt 00:01:44]} 11. h3 {[%clk 01:23:56]} {[%emt
00:01:52]} Nd5 {[%clk 01:19:36]} {[%emt 00:02:36]} 12. Bg3 {[%clk 01:20:09]}
{[%emt 00:04:18]} O-O {[%clk 01:17:12]} {[%emt 00:02:54]} 13. Ne5 {[%clk
01:15:57]} {[%emt 00:04:42]} Nxe5 {[%clk 01:15:05]} {[%emt 00:02:36]} 14. Nxd5
{[%clk 01:13:32]} {[%emt 00:02:55]} Qxd5 {[%clk 01:13:17]} {[%emt 00:02:18]}
15. dxe5 {[%clk 01:13:25]} {[%emt 00:00:38]} Rd8 {[%clk 01:09:12]} {[%emt
00:04:34]} 16. Qxd5 {[%clk 01:10:56]} {[%emt 00:03:00]} Rxd5 {[%clk 01:08:23]}
{[%emt 00:01:19]} 17. Rfd1 {[%clk 01:10:19]} {[%emt 00:01:07]} Bd7 {[%clk
01:07:11]} {[%emt 00:01:42]} 18. Bf3 {[%clk 01:08:30]} {[%emt 00:02:18]} Rxd1+
{[%clk 01:06:47]} {[%emt 00:00:54]} 19. Rxd1 {[%clk 01:08:52]} {[%emt
00:00:09]} Bc6 {[%clk 01:01:47]} {[%emt 00:05:29]} 20. Bxc6 {[%clk 01:07:57]}
{[%emt 00:01:26]} bxc6 {[%clk 01:02:04]} {[%emt 00:00:14]} 21. Kf1 {[%clk
01:08:04]} {[%emt 00:00:22]} Rb8 {[%clk 00:56:14]} {[%emt 00:06:20]} 22. b3
{[%clk 01:05:31]} {[%emt 00:03:00]} Rb7 {[%clk 00:48:42]} {[%emt 00:08:05]} 23.
Rd3 {[%clk 00:58:46]} {[%emt 00:07:15]} Kf8 {[%clk 00:45:54]} {[%emt 00:03:18]}
24. Ke2 {[%clk 00:56:12]} {[%emt 00:03:03]} Ke8 {[%clk 00:43:46]} {[%emt
00:02:39]} 25. Kf3 {[%clk 00:51:23]} {[%emt 00:05:16]} Rd7 {[%clk 00:35:49]}
{[%emt 00:08:30]} 26. Rxd7 {[%clk 00:37:04]} {[%emt 00:14:49]} Kxd7 {[%clk
00:36:12]} {[%emt 00:00:07]} 27. Ke3 {[%clk 00:36:49]} {[%emt 00:00:45]} Kc7
{[%clk 00:34:46]} {[%emt 00:01:56]} 28. Kd4 {[%clk 00:36:53]} {[%emt 00:00:25]}
Kb6 {[%clk 00:34:15]} {[%emt 00:01:01]} 29. Kc4 {[%clk 00:37:05]} {[%emt
00:00:17]} 1/2-1/2

[Event "DEM U14w 2025"]
[Site "Willingen GER"]
[Date "2025.06.13"]
[Round "8"]
[White "Richter, Anastasia"]
[Black "Jordan, Christina"]
[Result "1/2-1/2"]
[Termination "normal"]
[Board "1"]
[WhiteElo "1753"]
[BlackElo "1815"]
[WhiteClock "00:03:43"]
[BlackClock "00:13:59"]
[PlyCount "114"]
[WhiteFideId "34659099"]
[BlackFideId "1347977"]
[EventCountry "GER"]
[EventRounds "9"]
[EventType "swiss"]
[EventDate "2025.06.07"]

1. d4 {[%clk 01:30:59]} d5 {[%clk 01:30:35]} {[%emt 00:00:26]} 2. c4 {[%clk
01:31:24]} {[%emt 00:00:05]} c6 {[%clk 01:30:58]} {[%emt 00:00:06]} 3. cxd5
{[%clk 01:31:50]} {[%emt 00:00:04]} cxd5 {[%clk 01:31:22]} {[%emt 00:00:07]} 4.
Nf3 {[%clk 01:32:15]} {[%emt 00:00:05]} Nc6 {[%clk 01:29:55]} {[%emt 00:01:57]}
5. Nc3 {[%clk 01:32:40]} {[%emt 00:00:05]} Nf6 {[%clk 01:28:46]} {[%emt
00:01:39]} 6. Bf4 {[%clk 01:33:03]} {[%emt 00:00:06]} e6 {[%clk 01:28:42]}
{[%emt 00:00:34]} 7. e3 {[%clk 01:32:45]} {[%emt 00:00:48]} Bd6 {[%clk
01:26:41]} {[%emt 00:02:31]} 8. Bg3 {[%clk 01:33:08]} {[%emt 00:00:07]} a6
{[%clk 01:24:11]} {[%emt 00:03:01]} 9. Rc1 {[%clk 01:31:28]} {[%emt 00:02:09]}
O-O {[%clk 01:20:48]} {[%emt 00:03:54]} 10. Bd3 {[%clk 01:31:39]} {[%emt
00:00:18]} Re8 {[%clk 01:18:59]} {[%emt 00:02:19]} 11. Ne5 {[%clk 01:32:00]}
{[%emt 00:00:09]} Bxe5 {[%clk 00:58:39]} {[%emt 00:20:51]} 12. dxe5 {[%clk
01:16:23]} {[%emt 00:16:06]} Nd7 {[%clk 00:58:51]} {[%emt 00:00:18]} 13. f4
{[%clk 01:07:35]} {[%emt 00:09:19]} Qb6 {[%clk 00:57:16]} {[%emt 00:02:05]} 14.
O-O {[%clk 01:03:18]} {[%emt 00:04:47]} Qxe3+ {[%clk 00:39:52]} {[%emt
00:17:54]} 15. Kh1 {[%clk 01:03:41]} {[%emt 00:00:07]} f5 {[%clk 00:39:21]}
{[%emt 00:01:02]} 16. Bxf5 {[%clk 00:47:07]} {[%emt 00:17:03]} exf5 {[%clk
00:27:35]} {[%emt 00:12:16]} 17. Nxd5 {[%clk 00:47:27]} {[%emt 00:00:10]} Qa7
{[%clk 00:27:18]} {[%emt 00:00:48]} 18. Nc7 {[%clk 00:47:24]} {[%emt 00:00:32]}
Rf8 {[%clk 00:26:20]} {[%emt 00:01:28]} 19. Qd5+ {[%clk 00:41:13]} {[%emt
00:06:41]} Kh8 {[%clk 00:26:38]} {[%emt 00:00:12]} 20. Bf2 {[%clk 00:40:31]}
{[%emt 00:01:10]} Qb8 {[%clk 00:26:51]} {[%emt 00:00:20]} 21. Nxa8 {[%clk
00:40:16]} {[%emt 00:00:45]} Qxa8 {[%clk 00:27:12]} {[%emt 00:00:08]} 22. Rfd1
{[%clk 00:38:49]} {[%emt 00:01:56]} Qb8 {[%clk 00:25:28]} {[%emt 00:02:15]} 23.
Rc3 {[%clk 00:17:32]} {[%emt 00:21:44]} Qc7 {[%clk 00:19:23]} {[%emt 00:06:38]}
24. Qd6 {[%clk 00:12:55]} {[%emt 00:05:07]} Qxd6 {[%clk 00:18:25]} {[%emt
00:01:29]} 25. Rxd6 {[%clk 00:13:20]} {[%emt 00:00:05]} Re8 {[%clk 00:17:42]}
{[%emt 00:01:13]} 26. Kg1 {[%clk 00:09:49]} {[%emt 00:04:00]} Kg8 {[%clk
00:17:26]} {[%emt 00:00:46]} 27. Kf1 {[%clk 00:09:39]} {[%emt 00:00:40]} Kf7
{[%clk 00:16:28]} {[%emt 00:01:29]} 28. Rg3 {[%clk 00:06:40]} {[%emt 00:03:27]}
Nf8 {[%clk 00:16:00]} {[%emt 00:01:00]} 29. Rc3 {[%clk 00:02:26]} {[%emt
00:04:41]} Ne6 {[%clk 00:15:01]} {[%emt 00:01:32]} 30. g3 {[%clk 00:02:45]}
{[%emt 00:00:12]} Nc7 {[%clk 00:14:29]} {[%emt 00:01:03]} 31. a4 {[%clk
00:01:36]} {[%emt 00:01:39]} Be6 {[%clk 00:14:36]} {[%emt 00:00:22]} 32. Rd2
{[%clk 00:00:47]} {[%emt 00:01:16]} Nd5 {[%clk 00:13:39]} {[%emt 00:01:30]} 33.
Rc5 {[%clk 00:00:36]} {[%emt 00:00:41]} Rd8 {[%clk 00:12:56]} {[%emt 00:01:12]}
34. Rcc2 {[%clk 00:00:39]} {[%emt 00:00:26]} Rd7 {[%clk 00:12:16]} {[%emt
00:01:12]} 35. Bc5 {[%clk 00:00:38]} {[%emt 00:00:31]} b6 {[%clk 00:10:51]}
{[%emt 00:01:55]} 36. Bf2 {[%clk 00:00:34]} {[%emt 00:00:34]} Ncb4 {[%clk
00:10:31]} {[%emt 00:00:50]} 37. Rc1 {[%clk 00:00:42]} {[%emt 00:00:22]} Ke7
{[%clk 00:08:28]} {[%emt 00:02:34]} 38. Ke2 {[%clk 00:00:42]} {[%emt 00:00:29]}
g6 {[%clk 00:08:08]} {[%emt 00:00:51]} 39. Bg1 {[%clk 00:00:36]} {[%emt
00:00:36]} Na2 {[%clk 00:07:44]} {[%emt 00:00:54]} 40. Rcc2 {[%clk 00:00:35]}
{[%emt 00:00:29]} Nab4 {[%clk 00:07:40]} {[%emt 00:00:36]} 41. Rc1 {[%clk
00:00:32]} {[%emt 00:00:32]} h6 {[%clk 00:07:06]} {[%emt 00:01:05]} 42. h4
{[%clk 00:26:26]} {[%emt 00:04:32]} Rd8 {[%clk 00:34:51]} {[%emt 00:02:47]} 43.
a5 {[%clk 00:20:21]} {[%emt 00:06:35]} bxa5 {[%clk 00:31:55]} {[%emt 00:03:27]}
44. Bc5+ {[%clk 00:16:05]} {[%emt 00:04:46]} Ke8 {[%clk 00:31:42]} {[%emt
00:00:42]} 45. Bd6 {[%clk 00:12:03]} {[%emt 00:04:32]} Bd7 {[%clk 00:24:32]}
{[%emt 00:07:41]} 46. Bxb4 {[%clk 00:07:38]} {[%emt 00:04:55]} Bb5+ {[%clk
00:24:49]} {[%emt 00:00:13]} 47. Ke1 {[%clk 00:06:58]} {[%emt 00:01:09]} axb4
{[%clk 00:24:36]} {[%emt 00:00:44]} 48. Rc5 {[%clk 00:06:11]} {[%emt 00:01:17]}
Ne7 {[%clk 00:23:20]} {[%emt 00:01:47]} 49. Rxd8+ {[%clk 00:06:27]} {[%emt
00:00:13]} Kxd8 {[%clk 00:23:45]} {[%emt 00:00:05]} 50. Kd2 {[%clk 00:06:42]}
{[%emt 00:00:15]} Kd7 {[%clk 00:23:23]} {[%emt 00:00:52]} 51. Ke3 {[%clk
00:05:59]} {[%emt 00:01:12]} Ke6 {[%clk 00:23:06]} {[%emt 00:00:47]} 52. b3
{[%clk 00:05:20]} {[%emt 00:01:10]} Nc6 {[%clk 00:22:47]} {[%emt 00:00:49]} 53.
Rc1 {[%clk 00:04:20]} {[%emt 00:01:29]} Na5 {[%clk 00:21:56]} {[%emt 00:01:22]}
54. Rb1 {[%clk 00:04:05]} {[%emt 00:00:43]} Nb7 {[%clk 00:16:59]} {[%emt
00:05:28]} 55. Kd4 {[%clk 00:03:43]} {[%emt 00:00:52]} h5 {[%clk 00:14:59]}
{[%emt 00:02:31]} 56. Rb2 {[%clk 00:03:34]} {[%emt 00:00:37]} Bf1 {[%clk
00:13:34]} {[%emt 00:01:56]} 57. Rb1 {[%clk 00:03:43]} {[%emt 00:00:20]} Bb5
{[%clk 00:13:59]} {[%emt 00:00:06]} 1/2-1/2

[Event "DEM U14w 2025"]
[Site "Willingen GER"]
[Date "2025.06.13"]
[Round "8"]
[White "Czäczine, Paula"]
[Black "Eitel, Liz"]
[Result "1-0"]
[Termination "normal"]
[Board "2"]
[WhiteElo "1965"]
[BlackElo "1736"]
[WhiteClock "00:06:01"]
[BlackClock "00:17:05"]
[PlyCount "81"]
[WhiteFideId "16249305"]
[BlackFideId "34622195"]
[EventCountry "GER"]
[EventRounds "9"]
[EventType "swiss"]
[EventDate "2025.06.07"]

1. e4 {[%clk 01:30:57]} {[%emt 00:00:02]} e5 {[%clk 01:30:58]} {[%emt
00:00:02]} 2. Nf3 {[%clk 01:31:22]} {[%emt 00:00:05]} Nc6 {[%clk 01:31:25]}
{[%emt 00:00:03]} 3. d4 {[%clk 01:31:47]} {[%emt 00:00:04]} exd4 {[%clk
01:31:51]} {[%emt 00:00:04]} 4. Nxd4 {[%clk 01:32:13]} {[%emt 00:00:05]} Nf6
{[%clk 01:31:54]} {[%emt 00:00:27]} 5. Nxc6 {[%clk 01:32:33]} {[%emt 00:00:11]}
bxc6 {[%clk 01:32:14]} {[%emt 00:00:10]} 6. Bd3 {[%clk 01:32:54]} {[%emt
00:00:08]} Bb7 {[%clk 01:30:58]} {[%emt 00:01:47]} 7. e5 {[%clk 01:27:58]}
{[%emt 00:05:26]} Nd5 {[%clk 01:29:50]} {[%emt 00:01:37]} 8. O-O {[%clk
01:25:58]} {[%emt 00:02:31]} d6 {[%clk 01:25:22]} {[%emt 00:04:58]} 9. Re1
{[%clk 01:16:37]} {[%emt 00:09:50]} Be7 {[%clk 01:24:14]} {[%emt 00:01:38]} 10.
Qg4 {[%clk 01:13:05]} {[%emt 00:04:03]} Kf8 {[%clk 01:17:32]} {[%emt 00:07:12]}
11. Nd2 {[%clk 01:02:45]} {[%emt 00:10:49]} h5 {[%clk 01:14:06]} {[%emt
00:03:55]} 12. Qf3 {[%clk 00:58:46]} {[%emt 00:04:30]} dxe5 {[%clk 01:06:08]}
{[%emt 00:08:29]} 13. Rxe5 {[%clk 00:57:32]} {[%emt 00:01:43]} Bf6 {[%clk
01:05:56]} {[%emt 00:00:41]} 14. Rxh5 {[%clk 00:55:23]} {[%emt 00:02:39]} Rxh5
{[%clk 01:00:38]} {[%emt 00:05:48]} 15. Qxh5 {[%clk 00:55:45]} {[%emt
00:00:08]} g6 {[%clk 01:01:04]} {[%emt 00:00:04]} 16. Qf3 {[%clk 00:53:43]}
{[%emt 00:02:31]} Kg7 {[%clk 01:01:11]} {[%emt 00:00:23]} 17. Ne4 {[%clk
00:52:00]} {[%emt 00:02:14]} Be5 {[%clk 01:00:25]} {[%emt 00:01:15]} 18. Bg5
{[%clk 00:44:53]} {[%emt 00:07:37]} Qh8 {[%clk 00:59:35]} {[%emt 00:01:20]} 19.
h3 {[%clk 00:40:47]} {[%emt 00:04:37]} Kg8 {[%clk 00:54:05]} {[%emt 00:05:59]}
20. Rb1 {[%clk 00:37:28]} {[%emt 00:03:49]} Re8 {[%clk 00:49:31]} {[%emt
00:05:04]} 21. a3 {[%clk 00:25:27]} {[%emt 00:12:32]} f5 {[%clk 00:46:29]}
{[%emt 00:03:32]} 22. Nc5 {[%clk 00:23:44]} {[%emt 00:02:13]} Ba8 {[%clk
00:44:50]} {[%emt 00:02:09]} 23. c3 {[%clk 00:17:59]} {[%emt 00:06:16]} Bd6
{[%clk 00:43:46]} {[%emt 00:01:33]} 24. Nb3 {[%clk 00:16:41]} {[%emt 00:01:48]}
c5 {[%clk 00:42:03]} {[%emt 00:02:13]} 25. Bc4 {[%clk 00:16:46]} {[%emt
00:00:26]} Qe5 {[%clk 00:40:19]} {[%emt 00:02:14]} 26. Bf4 {[%clk 00:14:57]}
{[%emt 00:02:19]} Qxf4 {[%clk 00:40:18]} {[%emt 00:00:31]} 27. Bxd5+ {[%clk
00:15:11]} {[%emt 00:00:16]} Bxd5 {[%clk 00:40:14]} {[%emt 00:00:33]} 28. Qxd5+
{[%clk 00:15:34]} {[%emt 00:00:06]} Kg7 {[%clk 00:39:41]} {[%emt 00:01:04]} 29.
g3 {[%clk 00:14:58]} {[%emt 00:01:05]} Qg5 {[%clk 00:36:39]} {[%emt 00:03:31]}
30. Nxc5 {[%clk 00:10:53]} {[%emt 00:04:37]} Qh5 {[%clk 00:34:37]} {[%emt
00:02:32]} 31. h4 {[%clk 00:08:26]} {[%emt 00:02:58]} Re5 {[%clk 00:34:33]}
{[%emt 00:00:33]} 32. Qd4 {[%clk 00:08:16]} {[%emt 00:00:39]} Kf7 {[%clk
00:27:14]} {[%emt 00:07:49]} 33. Nd3 {[%clk 00:07:38]} {[%emt 00:01:09]} Re4
{[%clk 00:26:11]} {[%emt 00:01:32]} 34. Qd5+ {[%clk 00:07:22]} {[%emt
00:00:46]} Kg7 {[%clk 00:24:35]} {[%emt 00:02:06]} 35. Re1 {[%clk 00:06:32]}
{[%emt 00:01:20]} Rxe1+ {[%clk 00:21:21]} {[%emt 00:03:44]} 36. Nxe1 {[%clk
00:06:57]} {[%emt 00:00:05]} Qe2 {[%clk 00:21:27]} {[%emt 00:00:22]} 37. Nd3
{[%clk 00:06:21]} {[%emt 00:01:07]} Qd1+ {[%clk 00:20:07]} {[%emt 00:01:50]}
38. Kg2 {[%clk 00:06:23]} {[%emt 00:00:28]} Kh6 {[%clk 00:20:09]} {[%emt
00:00:28]} 39. Qg8 {[%clk 00:05:46]} {[%emt 00:01:07]} Kh5 {[%clk 00:17:17]}
{[%emt 00:03:22]} 40. Qh7+ {[%clk 00:06:01]} {[%emt 00:00:15]} Kg4 {[%clk
00:17:05]} {[%emt 00:00:42]} 41. Qxg6# {[%emt 00:00:08]} 1-0

[Event "DEM U14w 2025"]
[Site "Willingen GER"]
[Date "2025.06.13"]
[Round "8"]
[White "Färber, Anna"]
[Black "Burchardi, Helena"]
[Result "0-1"]
[Termination "normal"]
[Board "3"]
[WhiteElo "1702"]
[BlackElo "1800"]
[WhiteClock "00:50:01"]
[BlackClock "00:54:32"]
[PlyCount "52"]
[WhiteFideId "34633480"]
[BlackFideId "34636374"]
[EventCountry "GER"]
[EventRounds "9"]
[EventType "swiss"]
[EventDate "2025.06.07"]

1. e4 {[%clk 01:30:56]} {[%emt 00:00:03]} e5 {[%clk 01:30:53]} {[%emt
00:00:08]} 2. Nf3 {[%clk 01:31:20]} {[%emt 00:00:06]} Nc6 {[%clk 01:31:16]}
{[%emt 00:00:07]} 3. d4 {[%clk 01:31:44]} {[%emt 00:00:06]} exd4 {[%clk
01:31:38]} {[%emt 00:00:09]} 4. Nxd4 {[%clk 01:32:10]} {[%emt 00:00:04]} Nf6
{[%clk 01:31:51]} {[%emt 00:00:17]} 5. Nxc6 {[%clk 01:32:32]} {[%emt 00:00:08]}
bxc6 {[%clk 01:32:09]} {[%emt 00:00:12]} 6. e5 {[%clk 01:32:55]} {[%emt
00:00:06]} Qe7 {[%clk 01:32:19]} {[%emt 00:00:21]} 7. Qe2 {[%clk 01:33:16]}
{[%emt 00:00:09]} Nd5 {[%clk 01:32:22]} {[%emt 00:00:27]} 8. h4 {[%clk
01:33:35]} {[%emt 00:00:10]} Qe6 {[%clk 01:32:39]} {[%emt 00:00:14]} 9. Nd2
{[%clk 01:33:28]} {[%emt 00:00:37]} a5 {[%clk 01:32:36]} {[%emt 00:00:33]} 10.
g3 {[%clk 01:32:59]} {[%emt 00:00:59]} Nb4 {[%clk 01:32:07]} {[%emt 00:00:59]}
11. Nf3 {[%clk 01:30:13]} {[%emt 00:03:16]} Ba6 {[%clk 01:31:26]} {[%emt
00:01:10]} 12. c4 {[%clk 01:29:57]} {[%emt 00:00:47]} Qg6 {[%clk 01:26:38]}
{[%emt 00:05:18]} 13. Kd1 {[%clk 01:28:53]} {[%emt 00:01:34]} c5 {[%clk
01:25:34]} {[%emt 00:01:36]} 14. h5 {[%clk 01:23:33]} {[%emt 00:05:47]} Qb6
{[%clk 01:17:06]} {[%emt 00:09:00]} 15. a3 {[%clk 01:15:40]} {[%emt 00:08:22]}
Nc6 {[%clk 01:16:57]} {[%emt 00:00:40]} 16. Kc2 {[%clk 01:15:19]} {[%emt
00:00:51]} a4 {[%clk 01:13:04]} {[%emt 00:04:23]} 17. Qd3 {[%clk 01:12:23]}
{[%emt 00:03:26]} Na5 {[%clk 01:06:41]} {[%emt 00:06:54]} 18. Bh3 {[%clk
01:04:55]} {[%emt 00:07:58]} Qb3+ {[%clk 01:04:19]} {[%emt 00:02:51]} 19. Qxb3
{[%clk 01:00:55]} {[%emt 00:04:32]} Nxb3 {[%clk 01:03:32]} {[%emt 00:01:17]}
20. Rb1 {[%clk 01:01:11]} {[%emt 00:00:13]} Bb7 {[%clk 01:00:35]} {[%emt
00:03:28]} 21. Bxd7+ {[%clk 00:50:28]} {[%emt 00:11:13]} Kxd7 {[%clk 01:00:04]}
{[%emt 00:01:02]} 22. Rd1+ {[%clk 00:50:48]} {[%emt 00:00:09]} Ke8 {[%clk
00:56:11]} {[%emt 00:04:23]} 23. Nd2 {[%clk 00:50:33]} {[%emt 00:00:44]} Rd8
{[%clk 00:56:17]} {[%emt 00:00:24]} 24. Re1 {[%clk 00:50:30]} {[%emt 00:00:33]}
Nxd2 {[%clk 00:55:28]} {[%emt 00:01:20]} 25. Bxd2 {[%clk 00:50:55]} {[%emt
00:00:04]} Rd4 {[%clk 00:55:24]} {[%emt 00:00:31]} 26. Kc3 {[%clk 00:50:01]}
{[%emt 00:01:26]} Ba6 {[%clk 00:54:32]} {[%emt 00:01:23]} 0-1